| 000 | 00527nam a2200193Ia 4500 | ||
|---|---|---|---|
| 003 | LDD | ||
| 008 | 181029s9999 xx 000 0 und d | ||
| 020 |
_a195679911 _c695.00 |
||
| 040 | _cLDD | ||
| 100 | _aUberoi, Patrucia | ||
| 245 | 0 |
_aFreedom and Destiny _cPatrucia Uberoi |
|
| 260 |
_aNew York _bOxford _c2006 |
||
| 300 | _axix, 309p. | ||
| 365 | _b695.00 | ||
| 901 |
_a3451 _b06-11-2006 |
||
| 902 |
_a0869 _b08-12-2006 _cF _dAAKAR _e31 |
||
| 903 |
_aDiscount-10 _bReqst by : Singharoy, |
||
| 942 |
_2ddc _cBK |
||
| 999 |
_c76878 _d76878 |
||